000 01087nas a2200205 a 4500
005 20250925101039.0
007 ta
008 241009e2005 dr uu|p|r||||||0| ||spa d
040 _aDO-SdBNP
_cBNPHU
_erda
041 _hspa
245 _aDigo :
_bla revista del decir dominicano /
_ceditor: Rubén Lamarche.
260 _aSanto Domingo, República Dominicana :
_bRenaSe Publicaciones,
_c2005.
300 _avolumen :
_bilustraciones, fotografías, gráficas ;
_c30 cm.
310 _aDesconocida
500 _aSu contenido es variado, respaldado por las firmas de un equipo capaz. Entre las secciones se encuentran: una entrevista central, economía y política, Farándula y Espectáculos, cómo llegué a la noche, Menesteres, Internacionales, La mente y el cuerpo y opiniones, entre otros.
651 0 _aRepública Dominicana
_xAspectos sociales
_vPublicaciones periódicas
_978065
651 0 _aRepública Dominicana
_xVida social y costumbres
_vPublicaciones periódicas
_978065
700 _aLamarche, Rubén
_969584
_eeditor
942 _2ddc
_cISSUE
_hMayo 2005
999 _c57795
_d57795